Panorama del derecho constitucional colombiano. (Registro nro. 3947)

000 -CABECERA
Campo de control de longitud fija 01371nam a22002537a 4500
003 - IDENTIFICADOR DEL NÚMERO DE CONTROL
Campo de control OSt
005 - FECHA Y HORA DE LA ÚLTIMA TRANSACCIÓN
Campo de control 20240522102120.0
008 - CÓDIGOS DE INFORMACIÓN DE LONGITUD FIJA
Campo de control de longitud fija 240522t2004 xxu||||| |||| 00| 0 spa d
020 ## - NÚMERO INTERNACIONAL NORMALIZADO PARA LIBROS (ISBN)
Número Internacional Normalizado para Libros (ISBN) 9583504750
040 ## - FUENTE DE LA CATALOGACIÓN
Centro que cataloga Bogotá (Dr. David Ordóñez Rueda) - Campus Norte
Centro catalogador de origen Unicoc
Lengua de catalogación spa
Centro modificador Centro de Documentación (Clínica Odontológica Unicoc Bogotá)
082 ## - NÚMERO DE LA CLASIFICACIÓN DECIMAL DEWEY
Número de clasificación 342
100 ## - PUNTO DE ACCESO PRINCIPAL - NOMBRE DE PERSONA
Nombre de persona Henao Hidron, Javier
245 ## - MENCIÓN DE TÍTULO
Título Panorama del derecho constitucional colombiano.
Mención de responsabilidad etc. / Javier Henao Hidron.
250 ## - MENCIÓN DE EDICIÓN
Mención de edición 10 ed.
260 ## - PUBLICATION, DISTRIBUTION, ETC. (IMPRINT)
Lugar de publicación distribución etc. Santafe de Bogotá (Colombia):
Nombre del editor distribuidor etc. Editorial Temis S.A.;
Fecha de publicación distribución etc. 2004
300 ## - DESCRIPCIÓN FÍSICA
Extensión 386 Paginas.;
Dimensiones 24 cm.
500 ## - NOTA GENERAL
Nota general Incluye índice general, índice de autores, índice de disposiciones, índice de materias y referencias bibliograficas.
505 ## - NOTA DE CONTENIDO CON FORMATO
Título Desarrollo histórico. --
-- Historia del derecho constitucional colombiano. --
-- Constitución política de 1991. --
-- Organización territorial. --
-- Los derechos fundamentales. --
-- Derechos sociales, económicos y culturales. --
-- Habitantes del territorio. --
-- Organización del estado. --
-- Congreso de la república; Presidente y vicepresidente de la república. --
-- Estados de excepción. --
-- Administración de justicia. --
-- Organismos de control. --
-- Organización electoral. --
-- Régimen económico y financiero. --
526 ## - NOTA DE INFORMACIÓN SOBRE EL PROGRAMA DE ESTUDIO
Institución que aplica el campo Unicoc
546 ## - NOTA DE LENGUA
Nota de lengua Español
650 #0 - PUNTO DE ACCESO ADICIONAL DE MATERIA - TÉRMINO DE MATERIA
Término de materia o nombre geográfico como elemento inicial Reformas constitucionales
9 (RLIN) 4944
Subdivisión cronológica 1991
Subdivisión geográfica Colombia
942 ## - ENTRADA PARA ELEMENTOS AGREGADOS (KOHA)
Fuente de clasificación o esquema de ordenación en estanterías
Koha [por defecto] tipo de item Libro
Existencias
Tipo de item de Koha Fecha del precio de reemplazo Estropeado Código de barras Localización actual Signatura completa No para préstamo Localización permanente Préstamos totales Estado de pérdida Fuente de clasificación o esquema de ordenación en estanterías Fecha último préstamo Número de ejemplar Fecha de adquisición Fecha última consulta
Libro2014-05-21 9211Bogotá (Dr. David Ordóñez Rueda) - Campus Norte342 H35 Bogotá (Dr. David Ordóñez Rueda) - Campus Norte3  2016-03-01Ej. 12012-03-032016-03-01
Libro2014-05-21 9212Bogotá (Dr. David Ordóñez Rueda) - Campus Norte342 H35 Bogotá (Dr. David Ordóñez Rueda) - Campus Norte6  2014-11-04Ej. 22012-03-032015-06-05

© 2014 UNICOC | Institución Universitaria Colegios de Colombia - UNICOC
Bogotá D.C. Autopista Norte Km. 20. Teléfono:(571)6683535
Cali: Calle 13 Norte No. 3N-13. Teléfono: (572)6608887

Con tecnología de Koha